000 00694cam a2200229 a 4500
001 635331
003 OSt
005 20150703151828.0
008 930715s1994 caua b 001 0 eng
010 _a 93028658
020 _a0805353402
040 _aSEKU
050 0 0 _aQA 76.64
_b.B6 1994
100 1 _aBooch, Grady.
245 1 0 _aObject-oriented analysis and design with applications /
_cGrady Booch.
250 _a2nd ed.
260 _aRedwood City, Calif. :
_bBenjamin/Cummings Pub. Co.,
_cc1994.
300 _a589 p. :
_bill.
504 _aIncludes bibliographical references (p. 521-578) and index.
650 0 _aObject-oriented programming (Computer science)
942 _2lcc
_cGEN
999 _c5195
_d5195